00440nam a22001577a 450000500170000001000150001702000260003203500140005803700130007208200080008510000160009324500330010926000450014227000660018730000290025320170824120729.0 aENG-120022 a9788124119686c295.00 aEN-103554 bDBAD/PUB a881 aSingh, N.K. aHaiku view /c by N.K. Singh aNew DelhibHar-Anand Publications c2016 aE-49/3, Okhla Industiral Area, Phase-II, bNew Delhie110020 a100p. :c13cm(pbk)bill.